Capitals by their Closest Capitals - Statistics

General Stats
  • This quiz has been taken 61 times
  • The average score is 13 of 18
Answer Stats
Answer % Correct
Washington D.C.
98%
Paris
92%
Rome
90%
Tokyo
90%
Stockholm
83%
Vienna
83%
Brasilia
81%
Canberra
79%
New Delhi
79%
Athens
75%
Cairo
71%
Tehran
67%
Belmopan
62%
Conakry
62%
Bandar Seri Begawan
58%
Sarajevo
58%
Maputo
50%
Majuro
35%
No matching quizzes found
Score Distribution
Percent of People with Each Score
Percentile by Number Answered
Your Score History
You have not taken this quiz